Κατάλογος Βιβλιοθηκών Mediterranean College

Διοίκηση Τομέα Δωματίων Ξενοδοχειακών Επιχειρήσεων / Υπηρεσία Υποδοχής και Κρατήσεων - Οροφοκομία - Επικοινωνίες - Ασφάλεια - Συντήρηση (Record no. 3196)

MARC details
000 -LEADER
fixed length control field 02427cam a22002054a 4500
005 - ΗΜΕΡΟΜΗΝΙΑ ΚΑΙ ΩΡΑ ΤΕΛΕΥΤΑΙΑΣ ΕΝΗΜΕΡΩΣΗΣ
Πεδίο ελέγχου 20250605164108.0
008 - FIXED-LENGTH DATA ELEMENTS--GENERAL INFORMATION
Πεδίο ελέγχου σταθερού μήκους 250528s ||||||||||||||||||||||||d
035 ## - SYSTEM CONTROL NUMBER
System control number 17796
020 ## - ISBN
ISBN 9786185036140
040 ## - ΠΗΓΗ ΚΑΤΑΛΟΓΟΓΡΑΦΗΣΗΣ
Φορέας πρωτότυπης καταλογογράφησης MC Athens Campus Library
Γλώσσα καταλογογράφησης Ελληνικά, Μοντέρνα (1453-)
Modifying agency MC Athens Campus Library
Κανόνες περιγραφικής καταλογογράφησης AACR2
245 1# - ΤΙΤΛΟΣ ΚΑΙ ΔΗΛΩΣΗ ΥΠΕΥΘΥΝΟΤΗΤΑΣ
Τίτλος Διοίκηση Τομέα Δωματίων Ξενοδοχειακών Επιχειρήσεων / Υπηρεσία Υποδοχής και Κρατήσεων - Οροφοκομία - Επικοινωνίες - Ασφάλεια - Συντήρηση
250 ## - EDITION STATEMENT
Edition statement
260 ## - PUBLICATION, DISTRIBUTION, ETC.
Name of publisher, distributor, etc. Προπομπός,
Date of publication, distribution, etc. 2016
300 ## - PHYSICAL DESCRIPTION
Extent 488
520 ## - SUMMARY, ETC.
Summary, etc. Το παρόν σύγγραμμα εστιάζει στην ανάλυση και την εφαρμογή, των σύγχρονων μεθόδων και τεχνικών, των δραστηριοτήτων και λειτουργιών του τομέα δωματίων (Rooms Division) μιας ξενοδοχειακής Επιχείρησης. Ευχαριστίες, Εισαγωγή, Το Ξενοδοχείο, Το Ξενοδοχειακό Προϊόν, Οργάνωση Ξενοδοχείου, Ο Τομέας Δωματίων (Rooms Division), Διαχείριση Ανθρώπινων Πόρων, Τμήμα Υποδοχής, Κρατήσεις, Αφίξεις, Παρεχόμενες Υπηρεσίες Φιλοξενίας, Αναχωρήσεις, Τήρηση Λογαριασμών Πελατών - Λειτουργίες Ταμείου, Εξυπηρέτηση Ατόμων με Αναπηρία (ΑμεΑ), Πωλήσεις Ξενοδοχειακών Υπηρεσίων, Ασφάλεια του Ξενοδοχείου, Επικοινωνίες - Τηλεφωνικό Κέντρο, Οροφοκομία (Housekeeping), Τμήμα Συντήρησης (Maintenance), Διοίκηση - Οικονομική Διαχείριση, Η Διοικητική Πρακτική, Στατιστική Ανάλυση και Έλεγχος Λειτουργιών του Τομέα Δωματίων, Σχεδιασμός Διαχείρισης των Λειτουργιών Δωματίων (Rooms Division), Διαχείριση Απόδοσης ( Yield Management), Σύστημα Πληροφορικής Διαχείρισης Ξενοδοχείου - Property Management, Βιβλιογραφία.
700 1# - ΠΡΟΣΘΕΤΗ ΑΝΑΓΡΑΦΗ--ΦΥΣΙΚΟ ΠΡΟΣΩΠΟ
Personal name Θεοχάρης Νίκος
9 (RLIN) 4047
942 ## - ADDED ENTRY ELEMENTS (KOHA)
Koha item type Books
Holdings
Τύπος τεκμηρίου Βιβλιοθήκη Τρέχουσα τοποθεσία Barcode Αριθμός εισαγωγής Ημερομηνία απόκτησης Ταξιθετικό σύμβολο Αριθμός αντιτύπου Κατάσταση απόσυρσης Κατάσταση χαμένου Κατάσταση κατεστραμμένου Μη δανεισμός Σύνολο δανεισμών Ημερομηνία τελευταίας εμφάνισης Η τιμή ισχύει από
Books MC Athens Campus Library MC Athens Campus Library 9780000031952 7185 05/06/2025 647.940 683 THE 1           05/06/2025 05/06/2025

MC Athens Campus Library
Πατησίων 94 & Κοδριγκτώνος 13, 104 34
Πελλήνης 8 & Πατησίων 107, 112 51
Τ: +30 210 8899600

MC Thessaloniki Campus Library
Ίωνος Δραγούμη 21, 54625 | Ίωνος Δραγούμη 15, 54625
Τ: +30 2310 287779 – Τ: +30 2314 440300